000 00289nam a2200121Ia 4500
008 190216s9999||||xx |||||||||||||| ||und||
100 _aKadathanattu K Madhavi Amma
245 0 _aPayyampalli Chanthu
260 _bPoorna Pubs Kozhikode
300 _a90
650 _aKathakal
942 _cBK
999 _c27198
_d27198